Komparácia využitia lokalizačných metód vo vybranom podniku diplomová práca

Enregistré dans:
Détails bibliographiques
Auteur principal: Branišová, Andrea
Collectivité auteur: Fakulta podnikového manažmentu EU. Katedra podnikovohospodárska
Autres auteurs: Deáková, Stanislava, 1974-
Format: Livre
Langue:slovaque
Publié: Bratislava 2018
Tags: Ajouter un tag
Pas de tags, Soyez le premier à ajouter un tag!

MARC

LEADER 00000nbm a2200000 4500
001 0244788
005 20181004110908.6
041 0 |a slo 
044 |a SK 
245 1 0 |a Komparácia využitia lokalizačných metód vo vybranom podniku  |b diplomová práca  |c Andrea Branišová ; školiteľ: Stanislava Deáková 
264 1 |a Bratislava  |c 2018 
300 |a 79 s. 
100 1 |a Branišová, Andrea 
700 1 |a Deáková, Stanislava, 1974- 
710 2 |a Fakulta podnikového manažmentu EU. Katedra podnikovohospodárska